Lịch sử thế giới cận đại
Sách trình bày về lịch sử đông phương và tây phương thời kỳ cận đại, bắt đầu từ cuộc cách mạng tư sản Anh giữa thế kỷ XVIII và kết thúc bởi cuộc cách mạng XHCN tháng Mười Nga và chiến tranh thế giới lần thứ nhất đầu thế kỷ XX...
保存先:
| 第一著者: | |
|---|---|
| フォーマット: | 図書 |
| 言語: | Undetermined |
| 出版事項: |
Hà Nội
Giáo dục
1998
|
| 主題: | |
| タグ: |
タグ追加
タグなし, このレコードへの初めてのタグを付けませんか!
|
| Thư viện lưu trữ: | Trung tâm Học liệu Trường Đại học Cần Thơ |
|---|
| LEADER | 00922nam a2200193Ia 4500 | ||
|---|---|---|---|
| 001 | CTU_27730 | ||
| 008 | 210402s9999 xx 000 0 und d | ||
| 082 | |a 909.08 | ||
| 082 | |b N312 | ||
| 100 | |a Vũ ,Dương Ninh | ||
| 245 | 0 | |a Lịch sử thế giới cận đại | |
| 245 | 0 | |c Vũ Dương Ninh, Nguyễn Văn Hồng | |
| 260 | |a Hà Nội | ||
| 260 | |b Giáo dục | ||
| 260 | |c 1998 | ||
| 520 | |a Sách trình bày về lịch sử đông phương và tây phương thời kỳ cận đại, bắt đầu từ cuộc cách mạng tư sản Anh giữa thế kỷ XVIII và kết thúc bởi cuộc cách mạng XHCN tháng Mười Nga và chiến tranh thế giới lần thứ nhất đầu thế kỷ XX | ||
| 650 | |a History, Modern | ||
| 650 | |x Study and teaching | ||
| 980 | |a Trung tâm Học liệu Trường Đại học Cần Thơ | ||